Las estrategias de arranque automatico una opción para los desocupados en Bucaramanga (Registro nro. 296915)

Detalles MARC
000 -ENCABEZADO
Número de control [NR] 01362 a2200277 4500
005 - FECHA Y HORA DE LA ÚLTIMA TRANSACCIÓN
control field 20140919124624.0
008 - DE LONGITUD FIJA DE DATOS DE ELEMENTOS - INFORMACIÓN GENERAL
Elementos de longitud fija [NR] 140919s2014 ck gr|||| 00| 0 eng d
020 ## - NUMERO INTERNACIONAL NORMALIZADO PARA LIBROS [R]
Número Internacional Normalizado del libro [NR] 9789585840614
040 ## - FUENTE DE CATALOGACION [NR]
Agencia de catalogación original [NR] CO-BoUCM
Idioma de catalogación [NR] spa
Quien Cataloga Jose A. Gerena
Quien Clasifica Jose A. Gerena
041 0# - CODIGO DE IDIOMA [R]
Código de idioma para texto/pista de sonido o título separado [R] Español
100 1# - ASIENTO PRINCIPAL--NOMBRE PERSONAL [NR]
Nombre personal [NR] Brasset, David William
ID Autoridad 64643
245 14 - MENCION DE TITULO [NR]
Título [NR] Las estrategias de arranque automatico una opción para los desocupados en Bucaramanga
Mención de responsabilidad, etc. [NR] David William Brasset, Jorge Enrique Sáenz Castro
260 ## - PUBLICACION, DISTRIBUCION, ETC. (PIE DE IMPRENTA) [R]
Fecha de publicación, distribución, etc. [R] 2014
Nombre del editor, distribuidor, etc. [R] Corporación Universitaria de Ciencia y Desarrollo
Lugar de publicación, distribución, etc. [R] Bucaramanga (Santander, Colombia))
300 ## - DESCRIPCION FISICA [R]
Extensión [R] 20 páginas
490 ## - MENCION DE SERIE [R]
Mención de serie [R] Documentos de investigación
504 ## - NOTA DE BIBLIOGRAFIA, ETC. [R]
Nota de bibliografía, etc. [NR] Incluye referencias bibliográficas
650 #7 - ASIENTO SECUNDARIO DE MATERIA - TERMINO TEMATICO [R]
9 (RLIN) 13021
Término temático o nombre geográfico como elemento de entrada [NR] Desempleo
Subdivisión general [R] Aspectos económicos
Subdivisión geográfica [R] Bucaramanga (Santander, Colombia)
650 #7 - ASIENTO SECUNDARIO DE MATERIA - TERMINO TEMATICO [R]
9 (RLIN) 21113
Término temático o nombre geográfico como elemento de entrada [NR] Participación ciudadana
Subdivisión general [R] Aspectos económicos
Subdivisión geográfica [R] Bucaramanga (Santander, Colombia)
651 #4 - ASIENTO SECUNDARIO DE MATERIA - NOMBRE GEOGRAFICO [R]
Nombre geográfico [NR] Bucaramanga (Santander, Colombia)
Subdivisión general [R] Condiciones económicas
9 (RLIN) 64644
651 #4 - ASIENTO SECUNDARIO DE MATERIA - NOMBRE GEOGRAFICO [R]
Nombre geográfico [NR] Bucaramanga (Santander, Colombia)
Subdivisión general [R] Condiciones sociales
9 (RLIN) 64645
690 ## - ASUNTO AGREGADO LOCAL DE ENTRADA - TÉRMINO TEMÁTICO (OCLC, RLIN)
9 (RLIN) 42796
Acceso temático local Economía del trabajo
700 1# - ASIENTO SECUNDARIO - NOMBRE PERSONAL [R]
Nombre personal [NR] Sáenz Castro, Jorge Enrique
9 (RLIN) 63288
710 1# - ASIENTO SECUNDARIO - NOMBRE CORPORATIVO [R]
Nombre corporativo o de jurisdicción como elemento de entrada [NR] Corporación Universitaria de Ciencia y Desarrollo. UNICIENCIA
Unidad subordinada [R] Facultad de Administración de empresas
9 (RLIN) 63297
942 ## - ELEMENTOS DE ENTRADA AGREGADOS (KOHA)
Sistema de clasificación LOCAL
Tema principal Economía
Tipo de ítem principal el descrito en 300a Libro
Edición 1
Clasificación 331.1377
Parte restante de la signatura top. B823
Existencias
Fecha de último préstamo Total préstamos Signatura topográfica Código de barras Última vez visto Ejemplar Costo de reposición Price effective from Tipo de ítem Perdido Sistema de clasificación Dañado No prestable Tipo de ítem específico Suprimido Ubicación habitual Ubicación actual Localización Fecha de creación Proveedor Forma de adquisición Costo
15/05/2024 1 331.1377 B823 100138396 03/12/2025 Ej.1 26000.00 17/09/2014 Libro   DEWEY     Libro   Claustro Claustro Mezanine 17/09/2014 12 Donación 0.00